[Event "World-ch Kramnik-Topalov playoff +2-1=1"]
[Site "Elista"]
[Date "2006.10.13"]
[Round "2"]
[White "Kramnik, Vladimir"]
[Black "Topalov, Veselin"]
[Result "1-0"]
[WhiteElo "2743"]
[BlackElo "2813"]
[Annotator "Marin,M"]
[PlyCount "89"]
[EventDate "2006.10.13"]
[EventType "match (rapid)"]
[EventRounds "4"]
[EventCountry "RUS"]
[SourceTitle "CBM 115"]
[Source "ChessBase"]
[SourceDate "2006.11.15"]
[SourceVersion "1"]
[SourceVersionDate "2006.11.15"]
[SourceQuality "1"]

1. d4 d5 2. c4 c6 3. Nf3 Nf6 4. Nc3 e6 5. e3 Nbd7 6. Qc2 Bd6 7. b3 {This looks
like Kramnik's little surprise weapon for rapid events. He has never played
this system of development in normal games, but used it twice during his blitz
match against Kasparov, back in 1998, obtaining 1.5 points with it.} O-O 8. Be2
b6 ({White has generally failed to prove an advantage after} 8... a6 9. O-O e5
10. cxd5 cxd5 11. dxe5 Nxe5 {but playing with an isolani is not to everybody's
taste.}) 9. O-O Bb7 10. Bb2 Re8 11. Rad1 Qe7 12. Rfe1 Rac8 $5 ({A rare move,
pursuing certain concrete aims, but placing the rook on not a very favourable
square. After} 12... Rad8 {we would reach one of the main tabyias of the whole
variation.} 13. Bd3 {seems to be the latest trend in this line. The critical
continuation is probably} (13. e4 {did not offer White anything special in the
games played so far, but both players might have had a different opinion about
it.} Nxe4 14. Nxe4 dxe4 15. Qxe4 Bb4 16. Rf1 Nf6 (16... f5 17. Qc2 Bd6 18. c5
$5 bxc5 19. dxc5 Bxc5 20. Bc4 Kh8 21. Rde1 Nf8 22. Re2 $44 {1/2-1/2 Rustemov,A
(2607)-Gurevich,M (2633)/Copenhagen 2001/CBM 083 ext (34)}) 17. Qh4 Ba3 18. Ba1
c5 $132 {0-1 Bluvshtein,M (2453)-Asrian,K (2599)/Moscow 2004/CBM 100 (70)})
13... e5 (13... h6 14. e4 dxe4 15. Nxe4 Nxe4 16. Rxe4 Nf6 17. Re2 Qf8 18. Ne5
c5 19. Red2 $14 {1-0 Neverov,V (2541)-Gagarin,V (2397)/Minsk 2000/EXT 2001 (30)
}) (13... c5 14. cxd5 exd5 15. Bf5 Nf8 16. Ne2 Ne4 17. dxc5 bxc5 18. Ng3 Ng5
19. Bg4 Bxg3 20. hxg3 Ne4 21. Nd2 Nxd2 22. Qxd2 Qg5 23. Bf3 Ne6 24. Qa5 Rd7 25.
Ba3 Qd8 26. Qxd8 Rexd8 27. Bg4 Rc7 28. Rc1 Rdc8 29. Bb2 g6 30. Be5 Rc6 31. Red1
Rd8 32. Bf6 $14 {0-1 Zhao Xue (2470)-Karjakin,S (2645)/Tiayuan 2005/CBM 108/
[Lutz] (60)}) 14. cxd5 cxd5 (14... e4 15. Nxe4 Nxe4 16. dxc6 Rc8 17. Bxe4 $1
$18) 15. dxe5 Nxe5 16. Nd4 {, with a typical isolani position, which has never
been seen in practice so far.}) 13. Bd3 $5 {Moving for the second time with
the bishop along the f1-d3 diagonal looks like a loss of time, but it will be
compensated for by the fact that Black's queen's rook will soon have to be
transferred to d8 anyway.} ({One of the ideas behind Black's last move could
be to meet} 13. e4 {with} e5 (13... dxe4 14. Nxe4 Nxe4 15. Qxe4 {is less
favourable for Black now, because he will be one tempo slower in the fight for
the d-file.}) {although White can transpose to the game with} 14. Bd3) 13... e5
(13... c5 14. cxd5 exd5 15. dxc5 bxc5 16. Bf5) 14. e4 $1 ({Now that the
c6-pawn is safely defended,} 14. cxd5 $2 {is impossible because of} e4 $1 $19)
14... dxc4 (14... dxe4 $6 {is completely pointless here:} 15. Nxe4 Nxe4 16.
Bxe4 $16) (14... exd4 15. exd5 Bxh2+ $8 16. Kh1 (16. Kxh2 Qd6+ 17. Kg1 dxc3 $11
) (16. Kf1 $5) 16... Be5 17. Nxd4 $14) 15. Bxc4 b5 16. Bf1 {White's
development is more harmonious than in certain lines of the system 6.Qc2
followed by 7.Be2, which enables him to count on maintaining his advantage in
the centre for a long time. For the moment, neither side should release the
tension in the centre, because this would allow the activation of the enemy
pieces.} g6 $6 {Topalov defends in advance the f5-square, but weakens the dark
squares prematurely.} ({Correcting the placement of the rook with} 16... Rcd8 {
was probably more appropriate, since after} 17. dxe5 $6 Nxe5 18. Nd4 {he could
defend the f5-square with} Bc8) 17. Qd2 $5 {Immediately taking advantage of
the newly created weaknesses by transferring the queen to the kingside.} Rcd8
18. Qg5 a6 19. h3 {For both sides, it is harder and harder to find useful
moves in order to delay the moment of releasing the tension in the centre.}
exd4 (19... Bc7 $5 20. a4 $5 {[%csl Gb5]}) 20. Nxd4 Qe5 21. Qxe5 Nxe5 22. Nc2
$14 {[%cal Yf2f4] White's pawn advantage in the centre offers him the better
chances. In the next phase of the game Black will try to obtain active play,
while White will simply regroup in accordance with the newly created
weaknesses from the enemy camp.} (22. f4 $6 Bc5 $1) 22... g5 23. Bc1 h6 24. Be3
c5 (24... b4 $2 25. Na4 $16 Nxe4 $2 26. Bb6 $18) 25. f3 {[%csl Ge4]} Bf8 26.
Bf2 {[%csl Yf1,Yf2][%cal Rf2c5,Rf1a6,Ga2a4,Gc2e3,Ge3d5]} Bc8 27. Ne3 {[%csl
Yd5,Yf5]} Be6 28. Ned5 Bxd5 29. exd5 Ned7 $6 ({This voluntary retreat from the
centre is hard to understand.} 29... Bd6 {, blocking the dangerous pawn was
better, with reasonable chances to defend.}) 30. Rxe8 Rxe8 31. a4 b4 $2 ({
But this is equivalent to complete strategic surrender. Black should have
fought against the blockade on the dark squares with} 31... c4) 32. Ne4 $16 {
/+-} Nxe4 33. fxe4 Nf6 (33... a5 34. Bb5 Rd8 35. Bg3 Nf6 36. Bc7 Rc8 37. d6 $18
) (33... Rxe4 34. Bxa6 {[%cal Ya6b7,Ya4a8]}) 34. d6 Nxe4 35. d7 Rd8 36. Bxa6 f5
37. a5 Bg7 38. Bc4+ Kf8 39. a6 Nxf2 40. Kxf2 Bd4+ {Allowing an elegant finish.}
41. Rxd4 $1 cxd4 42. a7 Ke7 43. Bd5 Kxd7 44. a8=Q Rxa8 45. Bxa8 1-0

[Event "World-ch Kramnik-Topalov playoff +2-1=1"]
[Site "Elista"]
[Date "2006.10.13"]
[Round "3"]
[White "Topalov, Veselin"]
[Black "Kramnik, Vladimir"]
[Result "1-0"]
[WhiteElo "2813"]
[BlackElo "2743"]
[Annotator "Marin,M"]
[PlyCount "99"]
[EventDate "2006.10.13"]
[EventType "match (rapid)"]
[EventRounds "4"]
[EventCountry "RUS"]
[SourceTitle "CBM 115"]
[Source "ChessBase"]
[SourceDate "2006.11.15"]
[SourceVersion "1"]
[SourceVersionDate "2006.11.15"]
[SourceQuality "1"]

1. d4 d5 2. c4 c6 3. Nf3 Nf6 4. e3 Bf5 5. Nc3 e6 6. Nh4 Bg6 7. Be2 {Topalov
deviates from his queenside plans and continues developing normally. Since he
does not intend to put his rook on b1, the exchange on g6 is not necessary yet
and would just expose his own h2-pawn.} Nbd7 8. O-O {A relatively unexplored
move.} ({Over the past few years, there has been a theoretical discussion in
the line} 8. Bd2 Bd6 9. Nxg6 hxg6 10. Qc2 {followed by 0-0-0.}) 8... Bd6 9. g3
(9. h3 O-O 10. Nxg6 hxg6 11. Qc2 dxc4 12. Bxc4 Qe7 13. Bd2 c5 14. dxc5 Bxc5 15.
Rfd1 Rac8 16. Be2 Rfd8 17. Be1 {1-0 Malakhov,V (2695)-Haznedaroglu,K (2395)/
Tripoli 2004/CBM 102 (55). and White managed to impose his pair of bishops in
a long ending.}) 9... dxc4 $146 {We are familiar with Kramnik's handling of
this structure from the 9th game. Giving up the centre so easily will not be
any more successful in this game.} (9... Qe7 10. Qb3 Rb8 11. Bd2 Ne4 12. Nxe4
Bxe4 13. f3 Bg6 14. Rae1 dxc4 15. Qxc4 c5 16. dxc5 Bxc5 17. b4 Bb6 18. a4 $14 {
1/2-1/2 Vladimirov,B-Nei,I/Moscow 1963/EXT 2003 (56)}) (9... O-O 10. Bd2 (10.
Nxg6 hxg6 11. Qc2 {[%cal Ye3e4]}) 10... Re8 11. Rc1 a6 12. Nxg6 hxg6 13. f3 (
13. Qc2 $5 {[%cal Ye3e4]}) 13... e5 14. cxd5 cxd5 15. Qb3 exd4 16. exd4 {
1/2-1/2 Gavrikov,V (2578)-Khalifman,A (2688)/Tallinn 2002/CBM 087}) 10. Bxc4
Nb6 11. Be2 O-O 12. Nxg6 hxg6 13. e4 e5 14. f4 {Topalov has played this move
quite frequently in this match. In the second match game and in the first
play-off game it was aimed to create chances for a kingside attack, while in
the 9th, 11th and in the present game it served him for maintaining a firm
control over the centre.} exd4 15. Qxd4 {A typical structure for the Slav
Defence. White has the pair of bishops and a strong kingside majority. Black's
main hopes for maintaining the balance are connected with the counterplay
along the d-file and the relative weakness of the dark squares in White's camp.
From the matches for the World title, the situation is similar to that from
the 12th game of the first match between Botvinik and Smyslov. The former
carried out a systematic and very dangerous attack based on the masive advance
of the pawns and eventually won. To a certain extent, the present game had a
similar course.} Qe7 {For the time being, White has to be careful. He still
needs a couple of moves to get fully mobilized and will have to spend some
time to bring his queen into safety.} 16. Kg2 ({For the mere sake of
development,} 16. Be3 {would have been more appropriate. For instance,} Rad8
17. e5 Rfe8 18. Bf2 $14 {[%csl Ya7,Yb6,Yc5] . Quite possibly, even at this
early stage of the game, Topalov intended to maintain his dark-squared bishop
on the c1-h6 diagonal in order to put the enemy kingside under pressure.})
16... Bc5 (16... Rad8 {would have been more restrictive. The threat ...Bxf4
would have prevented the enemy queen from retreating to c2.} 17. Qe3 (17. e5 $6
Bc5 18. exf6 $8 Qxe2+ $1) 17... Bc5 18. Qf3 Bd4 19. e5 Nfd5 {. The position
would be very much similar to that which arose in the game, with the
significant difference that the g6-pawn would not be hanging, enabling Black
break the enemy centre by means of a well-timed ...f6.o.}) 17. Qd3 Rad8 18. Qc2
({Here White had a choice between this move and} 18. Qf3 {, which would
transpose to the previous note.}) 18... Bd4 19. e5 Nfd5 20. Rf3 {[%csl Ge3]
Xe3. White's development does not look too natural but his strong chain of
pawns prevent him from getting into trouble. One of the negative aspects
connected with Black's kingside structure is that he cannot open the position
by means of ...f6 too easily because of the weakness of the g6-pawn.} Nxc3 {
This looks like a premature release of the tension and will lead to loss of
time.} ({This would have been a good moment to get rid of the pawn weakness
with} 20... g5 $5) 21. bxc3 Bc5 22. Bd2 {Topalov's handling of the pair of
bishops in ths game deserves special attention. Although he will generally
keep them on apparently modest and vulnerable squares, they will keep the
enemy kingside under permanent pressure and defend the d-file in an entirely
adequate way.} Rd7 ({It was probably not too late for playing} 22... g5) 23.
Re1 Rfd8 24. Bd3 {Not fearing any ghosts, White willingly enters the pin.} (24.
Bc1 {would have allowed the generally favourable for Black exchange of the
dark-squared bishop with} Ba3 {because such tricks as} 25. e6 $2 {do not work
in view of} Qxe6 26. Bxa3 $2 Rd2 $17 {. We can see here that the absence of
the bishop from the c1-h6 diagonal (be it of temporary nature) can have
unpleasant effects.}) 24... Qe6 ({The queen is not too well suited for
blockading purposes but Black simply did not have other ways of preventing e6.
} 24... Nc4 25. Bc1 Qe6 26. Qe2 b5 27. f5 $16) 25. Bc1 (25. f5 {would have
been premature:} gxf5 26. Bg5 Rxd3 (26... Be7 $5 27. Bxf5 Bxg5 28. Bxe6 Rd2+
29. Re2 fxe6 30. Qg6 Rxe2+ 31. Kh3 Rxe5 32. Qf7+ $11) 27. Rxd3 Rxd3 28. Qxd3
Qxa2+ $44) 25... f5 {[%csl Yf4,Gg6,Gg7] This is the only way to prevent the
advance of the white f-pawn and restrict the white light-squared bishop at the
same time. However, it will only slow down White's attack and not really parry
it. Besides, from the structural point of view it is much less favourable than
an earlier ...g5, because it leaves the doubled pawns hopelessly weak.} 26. Qe2
{The start of a new regroupment in view of launching the next wave of attack.}
Kf8 {The king quits the weak light-squared diagonal and intends to take an
active part in the blockade of the e-pawn. However, with so many pieces on the
board this is not without risk.} 27. Rd1 Qe7 28. h4 {Underlining the chronic
weakness and lack of mobility of Black's structure.} Rd5 29. Qc2 {The
hesitations from the next phase of the game are typical of the rapid rate of
play.} Nc4 30. Rh1 Na3 (30... Be3 $2 31. Bxc4 $1 Rd2+ 32. Bxd2 Rxd2+ 33. Qxd2
Bxd2 34. Rd1 {[%csl Gd2,Gf8]} Qc5 $8 35. Bb3 Be3 36. Rd3 Bg1 37. Rf1 Be3 38.
Rd8+ Ke7 39. Rfd1 $18) 31. Qe2 Qd7 32. Rd1 b5 33. g4 fxg4 34. Rg3 Ke7 (34...
Nb1 $5 {Golubev} 35. e6 Qe7 {[%csl Gf7]} (35... Qd6 36. Qxg4 Nxc3 37. Qxg6 $18)
36. Bb2 Na3 37. Rxg4 $40) (34... Nc4 35. e6 Qe7 (35... Qd6 36. Qxg4) 36. Re1
Qxh4 37. Rxg4 Qe7 38. Bxc4 bxc4 39. Rxg6 $40) 35. f5 $1 gxf5 36. Bg5+ Ke8 37.
e6 ({Obviously, "winning" the exchange with} 37. Bxd8 {does not suit Topalov's
style. Here, Black would retain more than sufficient compensation.}) 37... Qd6
$6 (37... Qc7 38. Rxg4 $3 fxg4 (38... Be7 39. Bxf5 $3 Rxf5 40. Rgd4 $1 Bxg5 41.
Rd7 $1 $18 {Golubev}) 39. Bg6+ Kf8 40. Rxd5 cxd5 (40... Rxd5 41. e7+ $1 Bxe7
42. Qe6 $1 $18 {Golubev}) 41. Qxg4 Qe5 42. Qf3+ $18 {Golubev}) 38. Bxf5 $1 Rxd1
39. Bg6+ Kf8 40. e7+ Qxe7 41. Bxe7+ Bxe7 42. Bd3 Ra1 43. Qb2 Rd1 44. Qe2 Ra1
45. Qxg4 $18 Rxa2+ 46. Kh3 Bf6 47. Qe6 Rd2 48. Bg6 R2d7 49. Rf3 b4 50. h5 1-0

[Event "World-ch Kramnik-Topalov playoff +2-1=1"]
[Site "Elista"]
[Date "2006.10.13"]
[Round "4"]
[White "Kramnik, Vladimir"]
[Black "Topalov, Veselin"]
[Result "1-0"]
[WhiteElo "2743"]
[BlackElo "2813"]
[Annotator "Marin,M"]
[PlyCount "89"]
[EventDate "2006.10.13"]
[EventType "match (rapid)"]
[EventRounds "4"]
[EventCountry "RUS"]
[SourceTitle "CBM 115"]
[Source "ChessBase"]
[SourceDate "2006.11.15"]
[SourceVersion "1"]
[SourceVersionDate "2006.11.15"]
[SourceQuality "1"]

1. d4 {If I remember correctly, this is the only classic World Title match
where all the games started with the same move. There has only been one match 
(Botvinnik-Petrosian 1963) when 1.e4 has not been played at all, but White
occasionally deviated with 1.c4.} d5 2. c4 c6 3. Nf3 Nf6 4. Nc3 e6 5. e3 Nbd7
6. Bd3 dxc4 7. Bxc4 b5 8. Be2 Bb7 9. O-O Be7 ({The experimental} 9... b4 {
worked out well in the 8th game, but Topalov apparently decided not to push
his luck too much.}) 10. e4 b4 11. e5 bxc3 12. exf6 {This line is supposed to
lead to a very tiny edge for White and the most frequent result is a draw.}
Bxf6 (12... Nxf6 {is a safe alternative:} 13. bxc3 O-O 14. Rb1 Qc7 (14... Qc8
15. Qb3 Ba6 {is also playable}) 15. Bf4 Qxf4 16. Rxb7 {and White's initiative
is not easy to convert into something more concrete. On the other hand,
Black's position might not be to everybody's taste. Here is the most recent
example:} Bd6 17. g3 Qf5 18. Nd2 c5 19. Nc4 Rad8 20. Qb3 Qd5 21. Nxd6 Qxd6 22.
Rxa7 cxd4 23. cxd4 Qxd4 24. Rb7 h5 25. Bf3 {1/2-1/2 Rasmussen,K (2396)-Korneev,
O (2613)/Malaga 2003/CBM 092 ext}) 13. bxc3 c5 14. dxc5 Nxc5 $5 $146 {
Curiously, this move has never been seen in practice before.} ({Black usually
played} 14... O-O {when White cannot demonstrate a convincing way of
developing his initiative too easily.} 15. Ba3 (15. Be3 Be7 16. Rb1 Qc8 17. Qd3
Rd8 18. Qb5 Rb8 19. Qa5 Bxc5 $11 {1/2-1/2 Lputian,S (2627)-Ivanchuk,V (2709)/
Bled 2002/EXT 2003 (27)}) 15... Be7 16. Qd4 Qc7 (16... Bd5 17. c4 Bc6 18. Rab1
Rc8 19. Ne5 Nxe5 20. Qxe5 Qc7 21. Qxc7 Rxc7 22. Rfd1 Rfc8 23. f3 f6 24. Kf2 Kf7
25. f4 Ke8 26. Rb2 Be4 27. Ke3 f5 28. g3 Bxc5+ 29. Bxc5 Rxc5 30. Rd6 Ke7 31.
Ra6 R5c7 32. Rb5 $14 {1-0 Seirawan,Y (2595)-Petursson,M (2535)/New York 1987/
CBM 002 (61)}) 17. Rab1 (17. c6 Bxa3 18. cxd7 Bc5 19. Qd3 h6 20. Bd1 Bc6 21.
Bc2 g6 22. Rfe1 Qxd7 23. Qxd7 Bxd7 24. Ne5 Rfd8 25. Nxd7 Rxd7 26. Red1 Rad8 $15
{1/2-1/2 Gleizerov,E (2525)-Blagojevic,D (2465)/Skopje 1993/EXT 2005 (29)})
17... Bc6 (17... Bd5 18. c4 Bc6 19. Qe3 Ba4 20. c6 Bxa3 21. cxd7 Bc5 22. Qe4
Bc6 23. Qe5 Bd6 24. Qd4 e5 25. Qh4 Qxd7 $15 {0-1 Volkov,S (2380)-Filipenko,A 
(2420)/Kazan 1995/CBM 049 ext (64)}) 18. Qe3 Bxf3 19. Bxf3 Rab8 20. c6 Bxa3 21.
cxd7 Qxd7 22. c4 Qe7 23. Rb5 Rxb5 24. cxb5 Rd8 25. Rd1 Rxd1+ 26. Bxd1 Qd6 27.
Bf3 Bc5 $15 {0-1 Brynell,S (2496)-Carlsen,M (2570)/Gausdal 2005/CBM 108 ext 
(53)}) 15. Bb5+ $6 {This was probably precisely the move Topalov was counting
for when opting for this interesting opening experiment. What can be more
natural than depriving the opponent of the right to castle, especially in the
conditions of rapid play? Generally speaking, I feel like attaching the same
comment as to 12.Bb5+ from the 8th game. More specifically, the last move
obstructs the b-file for his own rook and places the bishop on a vulnerable
square at the same time.} ({The critical test of Topalov's novelty consists of
} 15. Ba3 $5 {, when Black would face problems completing his development
without making any positional concession:} Qc7 (15... Qxd1 16. Rfxd1 Rc8 17.
Rab1 $16 {[%cal Ya3f8]}) (15... Qa5 16. Bb4 Qc7 17. Rb1 $14) (15... Be7 16.
Bb5+ Kf8 17. Ne5 $36) 16. Rb1 Rd8 (16... Rc8 17. Bxc5 Bxf3 18. Bb5+ Bc6 19. Qa4
$16 {[%csl Ga7,Ge8]}) 17. Qc1 O-O 18. Qe3 Bxf3 $8 (18... Be7 $2 19. Bxc5 Bxc5
20. Rxb7 $18) 19. Bxf3 $14 {[%csl Ya3,Yf3] with active play for White.}) 15...
Kf8 {Abstractly speaking, White's advance in development looks like adequate
compensation for Black's better structure, but Black's play seems easier
nonetheless. Unlike the 8th game, where he let his initiative vanish, Kramnik
will eventually manage to convert it in an extra pawn, although not without
the help of his opponent.} 16. Qxd8+ (16. Ba3 Qc7 $1 $13 {Golubev} 17. Rb1 Kg8
18. Qe2 Rc8 19. Qe3 Ne4 $132) 16... Rxd8 17. Ba3 Rc8 18. Nd4 (18. Rfd1 {
[%cal Yd1d7]} Kg8 19. Bb4 h5 20. Rac1 Kh7 $11) 18... Be7 19. Rfd1 a6 $6 ({
Black misses the chance to underline the unfortunate placement of White's
pieces by means of} 19... Ne4 $1) 20. Bf1 Na4 (20... Ne4 $5 21. Rab1 Bd5 {
Golubev}) 21. Rab1 Be4 22. Rb3 Bxa3 23. Rxa3 Nc5 24. Nb3 $14 {Finally, White
has managed to stabilize the position in his favour. Black's lack of
coordination starts making itself felt.} Ke7 25. Rd4 Bg6 26. c4 Rc6 27. Nxc5
Rxc5 28. Rxa6 Rb8 29. Rd1 Rb2 30. Ra7+ Kf6 31. Ra1 Rf5 32. f3 Re5 {Planning ...
Re3-c3-c2 or even ...Bb1.} 33. Ra3 $1 {Preventing both threats and stabilizing
the situation in White's favour.} Rc2 (33... Bb1 $2 34. Rb3 $1 Rxb3 35. axb3
$18) (33... Rd2 $6 34. Rb3 Ra5 35. a4 Bc2 36. Rc3 $1 $16 Rxa4 $2 37. Rxc2 $18 {
Golubev}) 34. Rb3 Ra5 35. a4 Ke7 36. Rb5 Ra7 37. a5 Kd6 38. a6 Kc7 39. c5 Rc3
40. Raa5 Rc1 41. Rb3 Kc6 42. Rb6+ Kc7 {White's queenside domination is to a
certain extent similar to that from the 8th game. The significant difference
is that the actively placed rooks enjoy the support of two pawns, which turns
the situation in White's favour.} 43. Kf2 Rc2+ 44. Ke3 {White has made obvious
progress over the past 10 moves, but still faces some technical difficulties
converting his advantage into a win.} Rxc5 $4 {The last of a surprisingly long
series of mistakes in this match. As frequently happens, the player who
commits the last-but-one error emerges as the glorious winner.} 45. Rb7+ {
and finally, after 13 long years, the Chess World has one sole Champion.} 1-0